| 000 | 00999nac a22002651u 4500 | ||
|---|---|---|---|
| 010 | _a 93016370 | ||
| 020 | _a0683062336 (alk. paper) | ||
| 082 | 0 | 0 |
_a616.0076 _bM9921 |
| 090 |
_c3437 _d3437 |
||
| 100 | _aMyers, Allen R.(Editor | ||
| 245 | 0 | 0 |
_aMedicine / _c[edited by] Allen R. Myers. |
| 250 | _a2nd ed. | ||
| 260 |
_aMalvern, Pa. : _bHarwal Pub. Co., _cc1994. |
||
| 300 |
_a1 v. (various pagings) : _bill. ; _c26 cm. |
||
| 440 | 4 | _aThe National medical series for independent study | |
| 500 | _aDonations. | ||
| 500 | _aDonations - Bibliotheca Alexandrina. | ||
| 504 | _aIncludes index. | ||
| 650 | 0 |
_aInternal medicine _xOutlines, syllabi, etc. |
|
| 650 | 0 |
_aInternal medicine _xExaminations, questions, etc. |
|
| 650 | 0 |
_aInternal Medicine _xexamination questions. |
|
| 650 | 0 |
_aInternal Medicine _xoutlines. |
|
| 942 |
_cBB _k616.0076M9921 |
||
| 999 |
_c3437 _d3437 |
||